00736nam a22002057a 4500999001900000005001700019010001300036020002600049035001100075037001300086082001100099100002300110245004500133246004300178260005200221270006700273300002300340942003100363952013600394 c181461d18146120210915110137.0 aUR-11232 c400.00a9789390533305 aU-9787 bDBAD/PUB a844.08 aحبيب سيفی  aر مو ز ا د ب cحبيب سيفی  aRumooz-e-Adab (Urdu)bby Habib Saifi  aN.Delhic2021 ءbEducational Publishing House  a3191, Vakil Street, Kucha Pandit Lal Kuan,b Delhie110006l - a394 ص c22 Cm(Hb) 2ddccURh844.08mح ب ی  001040718NFICaDBADbLd2021-09-15eDBAD/PUBg400.00l0o844.08 ح ب یpU-9787r2021-09-15 00:00:00t1v400.00w2021-09-15yUR